| 000 | 00446nab a2200145Ia 4500 | ||
|---|---|---|---|
| 003 | ES-SlBCS | ||
| 005 | 20210601130449.0 | ||
| 008 | 140529s1962 xxu||||| |||| 00| 0 fre d | ||
| 041 | _afre | ||
| 100 | 1 |
_aBarraud, Jean _9173292 |
|
| 245 | 0 | 0 |
_aDieu dans la littérature d'aujourd'hui _c Jean Barraud |
| 650 | 0 | 4 |
_aDios-Literatura Actual _9173303 |
| 773 | 0 |
_tGiornali di Metafisica _gvol. 17, nº. 4-5, 1962, págs. 402-407 _w0017-0372 |
|
| 942 | _cAR | ||
| 999 |
_c547117 _d547117 |
||